Reflecting Recollecting Reconnecting/ (Record no. 199286)

MARC details
000 -LEADER
fixed length control field 00619nam a2200181 4500
005 - DATE AND TIME OF LATEST TRANSACTION
control field 20231129112249.0
010 ## - LCCN (DPL NO)
LC control number ENG-138480
020 ## - INTERNATIONAL STANDARD BOOK NUMBER
International Standard Book Number 9789354092152
Terms of availability 1150.00
035 ## - SYSTEM CONTROL NUMBER
System control number EN-122012
037 ## - SOURCE OF ACQUISITION
Source of stock number/acquisition DBAD/PUB
082 ## - DEWEY DECIMAL CLASSIFICATION NUMBER
Classification number 954.053
Edition number First
245 ## - TITLE STATEMENT
Title Reflecting Recollecting Reconnecting/
250 ## - EDITION STATEMENT
Edition statement First
260 ## - PUBLICATION, DISTRIBUTION, ETC. (IMPRINT)
Place of publication, distribution, etc New Delhi
Name of publisher, distributor, etc Director general Publication Division Ministry of Information & Broadcasting
Date of publication, distribution, etc 2021
270 ## - ADDRESS
Address Government Of India, Soochna Bhawan, CGO Complex, Lodhi Road
City New Delhi
Postal code 110003
300 ## - PHYSICAL DESCRIPTION
Extent 183p.
Dimensions 29cm(hbk)
Other physical details ill,col
942 ## - ADDED ENTRY ELEMENTS (KOHA)
Source of classification or shelving scheme Dewey Decimal Classification
Item type English Books
Classification part 954.053
Call number suffix REF
Holdings
Withdrawn status Lost status Not for loan Collection code Home library Current library Date acquired Source of acquisition Cost, normal purchase price Full call number Barcode Copy number Cost, replacement price Koha item type
    Not For Loan Reference Ashok Vihar Ashok Vihar 29/11/2023 DBAD/PUB 1150.00 954.053 REF EN-122012 1 1150.00 English Books

© Delhi Public Library
Hit Counter
free hit counter